Music Artists by Number of Members - Click - Statistics

General Stats
  • This quiz has been taken 93 times
  • The average score is 17 of 30
Answer Stats
Hint Answer % Correct
The Beatles 4
100%
One Direction (2010 - 2015) 5
91%
Wham! 2
83%
ABBA 4
82%
Queen (1972 - 1991) 4
76%
Daft Punk 2
74%
Led Zeppelin 4
73%
Spice Girls (1994-1998) 5
73%
TLC 3
68%
Outkast 2
65%
Carpenters 2
63%
U2 4
62%
Coldplay 4
62%
The Police 3
60%
Cream 3
57%
Nirvana 3
57%
Backstreet Boys 5
57%
Green Day (1990 - 2021) 3
56%
MGMT 2
50%
The Doors (1966 - 1971) 4
50%
The Rolling Stones (1964-1969) 5
46%
Twenty One Pilots (2013 -) 2
43%
Tame Impala 1
41%
Bon Iver 1
41%
The Jimi Hendrix Experience 3
40%
Depeche Mode (1982 - 1995) 4
40%
Radiohead 5
38%
St. Vincent 1
33%
Aerosmith (1971 - 1979) 5
30%
Nine Inch Nails (1988 - 2016) 1
17%
No matching quizzes found
Score Distribution
Percent of People with Each Score
Percentile by Number Answered
Your Score History
You have not taken this quiz